| 000 | 01525cam a2200361 a 4500 | ||
|---|---|---|---|
| 001 | 15312173 | ||
| 005 | 20090831150903.0 | ||
| 008 | 080602s2009 flua |rb 001 0 eng | ||
| 010 | _a 2008024408 | ||
| 015 |
_aGBA8B6645 _2bnb |
||
| 016 | 7 |
_a014771840 _2Uk |
|
| 020 | _a9781420087840 | ||
| 020 | _a1420087843 | ||
| 035 | _a(OCoLC)ocn221164428 | ||
| 040 |
_aDLC _cDLC _dBTCTA _dBAKER _dYDXCP _dUKM _dC#P _dCDX _dBWX _dDLC |
||
| 050 | 0 | 0 |
_aQA76.9.A25 _bT34 2009 |
| 082 | 0 | 0 |
_a005.8 _222 _bTAL |
| 100 | 1 |
_aTalukder, Asoke K. _911914 |
|
| 245 | 1 | 0 |
_aArchitecting Secure Software Systems / _cAsoke K. Talukder, Manish Chaitanya. |
| 260 |
_aBoca Raton : _bCRC Press, 2009 _cc2009. |
||
| 300 |
_axxxii, 446 p. : _bill. ; _c26 cm. |
||
| 500 | _a"An Auerbach book". | ||
| 504 | _aIncludes bibliographical references and index. | ||
| 650 | 0 |
_aComputer security. _911915 |
|
| 650 | 0 |
_aComputer architecture. _911916 |
|
| 650 | 0 |
_aComputer networks _xSecurity measures. _911917 |
|
| 700 | 1 |
_aChaitanya, Manish. _911918 |
|
| 856 | 4 | 1 |
_3Table of contents only _uhttp://www.loc.gov/catdir/toc/ecip0819/2008024408.html |
| 856 | 4 | 2 |
_3Publisher description _uhttp://www.loc.gov/catdir/enhancements/fy0902/2008024408-d.html |
| 942 |
_2ddc _cBB |
||
| 999 |
_c13511 _d13511 |
||